000 00895nam a2200445 a 4500
000 BKB
001 154476
005 20200902161256.0
008 170327 ### HIN
010 _a
020 _a9780071756037
082 _a515.63
_bK18T
100 _aKay, David C.
110 _a
245 _aSchaum's outline tensor calculus
_cby David C. Kay
250 _a
260 _aNew York
_bSpringer
_c2011
300 _a228p.
490 _aSchaum's outline series
_v
500 _a
600 _a
610 _a
611 _a
630 _a
650 _a
651 _a
654 _a
690 _aCalculus of tensors; Physics
700 _a
_b
_c
710 _a
_b
_c
711 _a
720 _a
730 _a
740 _a
752 _a
856 _a
_d
_f
904 _a
964 _a
_bENG
_c
_d
_e
_f
_g
965 _a
999 _c16999
_d16999